Le Francais des Employés : Services : Commerce,Industrie /

সংরক্ষণ করুন:
গ্রন্থ-পঞ্জীর বিবরন
প্রধান লেখক: Dany, Max
অন্যান্য লেখক: Noé, Christine
বিন্যাস: Sách giấy
প্রকাশিত: Paris : Hachette, 1986
ট্যাগগুলো: ট্যাগ যুক্ত করুন
কোনো ট্যাগ নেই, প্রথমজন হিসাবে ট্যাগ করুন!
Thư viện lưu trữ: Thư viện Trường Đại học Đà Lạt
LEADER 00579nam a2200241 4500
001 DLU020001060
005 ##1/14/1999
041 # # |f re 
082 # # |a 448  |b DA-M 
100 # # |a Dany, Max 
245 # # |a Le Francais des Employés :  |b Services : Commerce,Industrie /  |c Max Dany, Christine Noé 
260 # # |a Paris :  |b Hachette,  |c 1986 
300 # # |a 192 tr.;  |c 24 cm 
700 # # |a Noé, Christine 
992 # # |a 6000 
994 # # |a DLU 
900 # # |a False 
911 # # |a Administrator 
925 # # |a G 
926 # # |a A 
927 # # |a SH 
980 # # |a Thư viện Trường Đại học Đà Lạt